000 00314nam a22001337a 4500
008 181101b xxu||||| |||| 00| 0 eng d
020 _a0815129963
041 _aeng
080 _a610
100 _a3
101 _aSHM
245 _aOffice Technique For Diagnosis Skin Disease
_cPARISEr.D.M
942 _2udc
_cBK
999 _c51376
_d51376